A CLINICAL AUNIT OF RESPECTFUL MATERNITY CARE PROVIDED (Record no. 26897)
[ view plain ]
| 000 -LEADER | |
|---|---|
| fixed length control field | 00321nam a22001457a 4500 |
| 003 - CONTROL NUMBER IDENTIFIER | |
| control field | SGT |
| 082 ## - DEWEY DECIMAL CLASSIFICATION NUMBER | |
| Classification number | 618 |
| Item number | SHA |
| 100 ## - MAIN ENTRY--PERSONAL NAME | |
| Personal name | SHALU |
| 245 ## - TITLE STATEMENT | |
| Title | A CLINICAL AUNIT OF RESPECTFUL MATERNITY CARE PROVIDED |
| 260 ## - PUBLICATION, DISTRIBUTION, ETC. (IMPRINT) | |
| Place of publication, distribution, etc | GURUGRAM |
| Name of publisher, distributor, etc | SGT UNIVERSITY |
| Year of Publication | 2023 |
| 300 ## - PAGE DESCRIPTION | |
| No. of Pages | 202 |
| 650 ## - SUBJECT ADDED ENTRY--TOPICAL TERM | |
| Topical term or geographic name as entry element | FONS |
| 653 ## - KEYWORDS--INDEX TERM | |
| Keyword term | PHD |
| 942 ## - ADDED ENTRY ELEMENTS (KOHA) | |
| Source of classification or shelving scheme | Dewey Decimal Classification |
| Koha item type | Thesis/Dissertation |
| Withdrawn status | Lost status | Source of classification or shelving scheme | Damaged status | Use restrictions | Not for loan | Collection code | Home library | Current library | Shelving location | Date acquired | Total Checkouts | Full call number | Accession No. (Barcode) | Date last seen | Bill Date | Koha item type |
|---|---|---|---|---|---|---|---|---|---|---|---|---|---|---|---|---|
| Dewey Decimal Classification | Restricted Access | Not For Loan | MEDICAL | SGT Medical Library | SGT Medical Library | Reference Book | 14/09/2024 | 618 SHA | DT2026 | 14/09/2024 | 14/09/2024 | Thesis/Dissertation | ||||
| Dewey Decimal Classification | Restricted Access | Not For Loan | MEDICAL | SGT Medical Library | SGT Medical Library | Reference Book | 14/09/2024 | 618 SHA | DT2027 | 14/09/2024 | 14/09/2024 | Thesis/Dissertation | ||||
| Dewey Decimal Classification | Restricted Access | Not For Loan | MEDICAL | SGT Medical Library | SGT Medical Library | Reference Book | 14/09/2024 | 618 SHA | DT2028 | 14/09/2024 | 14/09/2024 | Thesis/Dissertation |